| Поле | Название | Значение |
| |
Тип записи |
a |
| |
Библиографический уровень |
m |
| 001 |
Контрольный номер |
6a24d9dfeae54ceb86bdf4ec7853b3d8 |
| 005 |
Дата корректировки |
20150907111929.5 |
| 010 |
Индекс ISBN |
__ |
| a |
ISBN |
978-5-901709-30-6 |
| 101 |
Язык документа |
0_ |
| a |
Язык текста |
rus |
| 102 |
Страна публикации |
__ |
| a |
Страна публикации |
RU |
| 200 |
Заглавие и сведения об ответственности |
1_ |
| a |
Заглавие |
Управление финансами компаний и финансовых институтов |
| b |
Общее обозначение материала |
Текст |
| h |
Номер части |
Ч. 2 |
| e |
Сведения, относящиеся к заглавию |
учеб. пособие |
| f |
Первые сведения об ответственности |
В.И. Елагин [и др.], отв. ред. А.Н. Попов |
| g |
Последующие сведения об ответственности |
АНО ВПО ЦС РФ РУК, Чебоксар. кооп. ин-т (филиал) |
| 210 |
Выходные данные |
1_ |
| a |
Место издания |
Чебоксары |
| a |
Место издания |
Москва |
| c |
Издательство |
ЧКИ РУК |
| c |
Издательство |
Центросоюз |
| d |
Дата издания |
2013 |
| 215 |
Физическое описание |
__ |
| a |
Объем |
515, [1] с. |
| 300 |
Общие примечания |
__ |
| a |
Общие примечания |
гриф Центросоюза |
| 610 |
Ключевые слова |
0_ |
| a |
Ключевые слова |
финансовый менеджмент |
| a |
Ключевые слова |
налоговая система |
| a |
Ключевые слова |
бюджетирование |
| a |
Ключевые слова |
финансы кооперации |
| a |
Ключевые слова |
налоговый менеджмент |
| a |
Ключевые слова |
мировые финансы |
| a |
Ключевые слова |
управление капиталом |
| a |
Ключевые слова |
управление рисками |
| a |
Ключевые слова |
корпоративные финансы |
| a |
Ключевые слова |
антикризисное управление |
| 686 |
Индексы других классификаций |
__ |
| a |
Классификационный индекс |
65.9(2)261.9я73 |
| a |
Классификационный индекс |
65-93-21я73 |
| a |
Классификационный индекс |
65.291.9-21я73 |
| 701 |
Альтернативная интеллектуальная ответственность |
_1 |
| a |
Фамилия |
Елагин |
| b |
Имя |
В. И. |
| 701 |
Альтернативная интеллектуальная ответственность |
_1 |
| a |
Фамилия |
Борисова |
| b |
Имя |
Н. В. |
| 701 |
Альтернативная интеллектуальная ответственность |
_1 |
| a |
Фамилия |
Елагина |
| b |
Имя |
О. В. |
| 701 |
Альтернативная интеллектуальная ответственность |
_1 |
| a |
Фамилия |
Стаценко |
| b |
Имя |
Т. Ф. |
| 701 |
Альтернативная интеллектуальная ответственность |
_1 |
| a |
Фамилия |
Лебединцева |
| b |
Имя |
Т. М. |
| 701 |
Альтернативная интеллектуальная ответственность |
_1 |
| a |
Фамилия |
Лисицина |
| b |
Имя |
И. В. |
| 701 |
Альтернативная интеллектуальная ответственность |
_1 |
| a |
Фамилия |
Улыбина |
| b |
Имя |
Л. В. |
| 702 |
Вторичная интеллектуальная ответственность |
_1 |
| a |
Фамилия |
Попов |
| b |
Имя |
А. Н. |
| e |
Роль лиц |
Редактор |
| 711 |
Наименование организации. (Альтернативная ответственность) |
02 |
| a |
Организация/ юрисдикция |
АНО ВПО ЦС РФ РУК |
| b |
Другие уровни |
Чебоксар. кооп. ин-т (филиал) |
| 801 |
Источник записи |
_0 |
| a |
Страна |
RU |
| b |
Организация |
РУК |
| g |
Правила каталогизации |
PSBO |
| c |
Дата составления |
20141212 |
| 801 |
Источник записи |
_1 |
| a |
Страна |
RU |
| b |
Организация |
РУК |
| g |
Правила каталогизации |
PSBO |
| 852 |
Данные о местонахождении |
__ |
| i |
Авторский знак |
У 67 |
| j |
Шифр хранения |
ББК 65.9(2)26 |
| 901 |
Тип документа |
__ |
| t |
Тип документа |
m |
| 912 |
Принадлежность преподавателя к РУК |
__ |
| a |
Принадлежность преподавателя к РУК |
преподаватель Чебоксарского филиала |
| 913 |
Издано в Центросоюзе |
__ |
| a |
Издано в Центросоюзе |
Чебоксарский филиал |
| 937 |
Технологическая информация |
__ |
| a |
Создатель записи (имя) |
Золотухина |
| 938 |
Служебная информация |
__ |
| a |
Название организации |
Головной вуз |
| 938 |
Служебная информация |
__ |
| a |
Название организации |
Брянский филиал |
| 938 |
Служебная информация |
__ |
| a |
Название организации |
Владимирский филиал |
| 938 |
Служебная информация |
__ |
| a |
Название организации |
Ижевский филиал |
| 952 |
Тип литературы |
__ |
| b |
Гриф литературы для ВШ |
гриф |
| c |
Вид литературы |
учебное пособие |